[Event "CRI-chT"]
[Site "San Jose"]
[Date "2024.06.09"]
[Round "6.2"]
[White "Zuniga Chavarria, Manuel"]
[Black "Rodriguez Araya, Oscar Mario"]
[Result "1-0"]
[WhiteElo "1831"]
[BlackElo "1530"]
[PlyCount "77"]
[EventDate "2024.04.28"]
[EventType "team-swiss"]
[EventRounds "7"]
[EventCountry "CRI"]
[SourceTitle "EXT 2025"]
[Source "ChessBase"]
[SourceDate "2024.10.14"]
[SourceVersion "1"]
[SourceVersionDate "2024.10.14"]
[SourceQuality "1"]
[WhiteTeam "Academia Vandola Kaffa"]
[BlackTeam "Norte San Carlos"]
[WhiteTeamCountry "CRI"]
[BlackTeamCountry "CRI"]

1. e4 c5 2. Nf3 d6 3. d4 cxd4 4. Nxd4 Nf6 5. Nc3 a6 6. Bc4 e5 7. Nde2 b5 8. Bd5 Ra7 9. Be3 Rd7 10. 0-0 Qc7 11. Rc1 Bb7 12. Ng3 g6 13. f4 Bg7 14. f5 0-0 15. h4 Bxd5 16. Nxd5 Nxd5 17. exd5 f6 18. b3 Qc3 19. Rf3 Rc8 20. Ne4 Qb4 21. Qd3 Qa5 22. fxg6 hxg6 23. Nxf6+ Bxf6 24. Rxf6 Rg7 25. Bh6 Rc3 26. Qe4 Qb6+ 27. Kh1 Qd4 28. Qxd4 exd4 29. Bxg7 Kxg7 30. Rxd6 d3 31. Rd1 dxc2 32. Rc1 a5 33. Rb6 Rc8 34. Rxb5 Kh6 35. d6 Nd7 36. Rb7 Nc5 37. Rc7 Rxc7 38. dxc7 Nd3 39. Rxc2 1-0

[Event "CRI-chT"]
[Site "San Jose"]
[Date "2024.06.02"]
[Round "5.2"]
[White "Brizuela Benavides, Jorge"]
[Black "Zuniga Chavarria, Manuel"]
[Result "1/2-1/2"]
[WhiteElo "1808"]
[BlackElo "1831"]
[PlyCount "120"]
[EventDate "2024.04.28"]
[EventType "team-swiss"]
[EventRounds "7"]
[EventCountry "CRI"]
[SourceTitle "EXT 2025"]
[Source "ChessBase"]
[SourceDate "2024.10.14"]
[SourceVersion "1"]
[SourceVersionDate "2024.10.14"]
[SourceQuality "1"]
[WhiteTeam "Santa Barbara II"]
[BlackTeam "Academia Vandola Kaffa"]
[WhiteTeamCountry "CRI"]
[BlackTeamCountry "CRI"]

1. c4 d6 2. Nc3 Nf6 3. g3 g6 4. Bg2 Bg7 5. d3 0-0 6. Nf3 c5 7. 0-0 Nc6 8. h3 e5 9. Kh2 Be6 10. Rb1 d5 11. Ng5 Qd7 12. cxd5 Nxd5 13. Nce4 b6 14. Nxe6 Qxe6 15. Qb3 Nd4 16. Nxc5 Nxb3 17. Nxe6 fxe6 18. axb3 Rac8 19. Bf3 Rc5 20. Bd2 Rc2 21. Bg5 h6 22. Rfc1 Rxc1 23. Bxc1 Rc8 24. Kg2 Rc5 25. Bd2 Rb5 26. Bxd5 exd5 27. b4 Bf8 28. Rc1 Bxb4 29. Bxh6 Bc5 30. Rc2 Kf7 31. Be3 Bd6 32. h4 d4 33. Bc1 Rc5 34. Rc4 b5 35. Rxc5 Bxc5 36. e3 a5 37. Kf3 a4 38. Ke2 b4 39. Kd1 Ke6 40. e4 b3 41. g4 Be7 42. h5 gxh5 43. gxh5 Bh4 44. f3 Kf6 45. f4 Bg3 46. fxe5+ Bxe5 47. Bd2 Bg3 48. Kc1 Bf2 49. Kd1 Be3 50. Bb4 Kg5 51. Bc5 Kxh5 52. e5 Kg6 53. e6 Kf6 54. e7 Kf7 55. Ke2 Bg5 56. Bxd4 Kxe7 57. Bc5+ Ke6 58. d4 Kd5 59. Kd3 Bh4 60. Bb4 Bf6 1/2-1/2

[Event "CRI-chT"]
[Site "San Jose"]
[Date "2024.05.05"]
[Round "3.2"]
[White "Rojas Vindas, Mauricio"]
[Black "Zuniga Chavarria, Manuel"]
[Result "1/2-1/2"]
[WhiteElo "1780"]
[BlackElo "1831"]
[PlyCount "116"]
[EventDate "2024.04.28"]
[EventType "team-swiss"]
[EventRounds "7"]
[EventCountry "CRI"]
[SourceTitle "EXT 2025"]
[Source "ChessBase"]
[SourceDate "2024.10.14"]
[SourceVersion "1"]
[SourceVersionDate "2024.10.14"]
[SourceQuality "1"]
[WhiteTeam "Kaffa Denei"]
[BlackTeam "Academia Vandola Kaffa"]
[WhiteTeamCountry "CRI"]
[BlackTeamCountry "CRI"]

1. d4 d6 2. e4 g6 3. Nf3 Bg7 4. Bd3 Nf6 5. 0-0 0-0 6. Bf4 Nh5 7. Bg5 Bg4 8. c3 h6 9. Be3 Nc6 10. Nbd2 e5 11. d5 Ne7 12. Qc2 f5 13. h3 Bxf3 14. Nxf3 f4 15. Bd2 g5 16. c4 Ng6 17. b4 Nf6 18. Nh2 h5 19. Be2 Qd7 20. f3 Ne7 21. a4 Kf7 22. c5 b6 23. Bb5 Qc8 24. Rfc1 g4 25. hxg4 hxg4 26. cxd6 cxd6 27. Qxc8 Raxc8 28. Nxg4 Nxg4 29. fxg4 Rxc1+ 30. Rxc1 Rc8 31. Rxc8 Nxc8 32. Bd7 Ne7 33. Kf2 Bh6 34. Be6+ Kf6 35. Kf3 Bg5 36. b5 Ng6 37. Bb4 Ke7 38. a5 Bh4 39. Ke2 Bg3 40. axb6 axb6 41. Kf1 Bh4 42. Bf5 Nh8 43. Kg1 Nf7 44. Kf1 Nd8 45. Be1 Bxe1 46. Kxe1 Kf6 47. Kf2 Nb7 48. g3 Kg5 49. Kg2 Nc5 50. Kf3 fxg3 51. Kxg3 Nb3 52. Kh3 Nd4 53. Bd7 Ne2 54. Bf5 Nc3 55. Kg2 Nxb5 56. Kf2 Kf4 57. Ke2 Nd4+ 58. Kd3 Nf3 1/2-1/2